UK Trade and Investment (Record no. 104220)

MARC details
000 -LEADER
fixed length control field 00661cam a2200157 4500
001 - CONTROL NUMBER
control field L129514
008 - FIXED-LENGTH DATA ELEMENTS--GENERAL INFORMATION
fixed length control field 050426n 000 0 eng u
035 ## - SYSTEM CONTROL NUMBER
System control number (Sirsi) u129514
041 ## - LANGUAGE CODE
Language code of text/sound track or separate title eng
110 ## - MAIN ENTRY--CORPORATE NAME
Corporate name or jurisdiction name as entry element UK Trade and Investment
9 (RLIN) 4699
245 ## - TITLE STATEMENT
Title UK Trade and Investment
520 ## - SUMMARY, ETC.
Summary, etc. Website of this UK government organisation which provides information and guidance to UK companies looking to export products and services and companies looking to establish themselves in the UK market.
690 ## - LOCAL SUBJECT ADDED ENTRY--TOPICAL TERM (OCLC, RLIN)
Topical term or geographic name as entry element MANAGEMENT-BUSINESS MANAGEMENT
856 ## - ELECTRONIC LOCATION AND ACCESS
Uniform Resource Identifier <a href="https://www.uktradeinvest.gov.uk">https://www.uktradeinvest.gov.uk</a>
Public note View the website free of charge at www.uktradeinvest.gov.uk...
942 ## - ADDED ENTRY ELEMENTS (KOHA)
Suppress in OPAC 0
Holdings
Withdrawn status Lost status Source of classification or shelving scheme Damaged status Not for loan Home library Current library Shelving location Date acquired Total Checkouts Full call number Barcode Date last seen Copy number Price effective from Koha item type
    Dewey Decimal Classification     Virtual Virtual Online 26/04/2005   WEBSITE 129514-2001 06/08/2019 1 06/08/2019 Online material